The noble scholar, jurist, historian


 His Excellency Dr. Abdul Wahhab bin Ibrahim Abu Sulaiman, may Allah have mercy on him.


 He was born in Umm Al-Qura in the year 1356 AH.

تحقيق أسمى الصحيحين واسم جامع الترمزي / (Record no. 3919)

MARC details
000 -LEADER
fixed length control field 01210cam a2200265 i 4500
003 - CONTROL NUMBER IDENTIFIER
control field SA-RiAUC
005 - DATE AND TIME OF LATEST TRANSACTION
control field 20241224143748.0
008 - FIXED-LENGTH DATA ELEMENTS--GENERAL INFORMATION
fixed length control field 241221s1993 sy g 000r0dara c
040 ## - CATALOGING SOURCE
Original cataloging agency SA-RiAUC
Language of cataloging ara
Transcribing agency SA-RiAUC
Description conventions rda
082 04 - DEWEY DECIMAL CLASSIFICATION NUMBER
Classification number 235.3
090 ## - LOCALLY ASSIGNED LC-TYPE CALL NUMBER (OCLC); LOCAL CALL NUMBER (RLIN)
Classification number (OCLC) (R) ; Classification number, CALL (RLIN) (NR) 235.3
Local cutter number (OCLC) ; Book number/undivided call number, CALL (RLIN) ا ب و غ
100 1# - MAIN ENTRY--PERSONAL NAME
Personal name أبو غدة، عبد الفتاح بن محمد بن بشير،
Dates associated with a name 1917-1997
Relator term مؤلف.
245 10 - TITLE STATEMENT
Title تحقيق أسمى الصحيحين واسم جامع الترمزي /
Statement of responsibility, etc. بقلم عبد الفتاح أبو غدة.
250 ## - EDITION STATEMENT
Edition statement الطبعة الأولى.
264 #1 - PRODUCTION, PUBLICATION, DISTRIBUTION, MANUFACTURE, AND COPYRIGHT NOTICE
Place of production, publication, distribution, manufacture حلب، سوريا :
Name of producer, publisher, distributor, manufacturer مكتب المطبوعات الإسلامية،
Date of production, publication, distribution, manufacture, or copyright notice [1993]
300 ## - PHYSICAL DESCRIPTION
Extent 96 صفحة ؛
Dimensions 24 سم
336 ## - CONTENT TYPE
Content type term نص
Content type code txt
Source rdacontent
Materials specified كتاب
337 ## - MEDIA TYPE
Media type term بدون وسيط
Media type code n
Source rdamedia
338 ## - CARRIER TYPE
Carrier type term مجلد
Carrier type code nc
Source rdacarrier
600 17 - SUBJECT ADDED ENTRY--PERSONAL NAME
Personal name البخاري، محمد بن إسماعيل بن إبراهيم،
Dates associated with a name 194-256 هجري
Source of heading or term aucnm
600 17 - SUBJECT ADDED ENTRY--PERSONAL NAME
Personal name الإمام مسلم، مسلم بن الحجاج بن مسلم،
Dates associated with a name 204-261 هجري
Source of heading or term aucnm
600 17 - SUBJECT ADDED ENTRY--PERSONAL NAME
Personal name الترمذي، محمد بن عيسى بن سورة،
Dates associated with a name 209-279 هجري
Source of heading or term aucnm
942 ## - ADDED ENTRY ELEMENTS (KOHA)
Source of classification or shelving scheme Dewey Decimal Classification
Koha item type Books
Suppress in OPAC No
949 ## - LOCAL PROCESSING INFORMATION (OCLC)
a SA-JeALM
d 241221
u mohamedma123
n 1
Holdings
Withdrawn status Lost status Source of classification or shelving scheme Damaged status Not for loan Home library Current library Date acquired Total checkouts Full call number Barcode Date last seen Price effective from Koha item type
    Dewey Decimal Classification     DR AbdElwahab Library DR AbdElwahab Library 12/24/2024   235.3 ا ب و غ 000006287 12/24/2024 12/24/2024 Books